LEADER 01179nam--2200373---450- 001 990002916190203316 005 20070504091650.0 010 $a88-15-09597-7 035 $a000291619 035 $aUSA01000291619 035 $a(ALEPH)000291619USA01 035 $a000291619 100 $a20070504d2004----km-y0itay50------ba 101 $aita 102 $aIT 105 $a||||||||001yy 200 1 $a<> dinamiche assistenziali in Europa$esistemi nazionali e locali di contrasto alla povertà$fa cura di Chiara Saraceno 210 $aBologna$cIl mulino$dcopyr. 2004 215 $a272 p.$d22 cm 225 2 $aStudi e ricerche$v519 410 0$12001$aStudi e ricerche$v519 454 1$12001$aSocial assistance dynamics in Europe$955641 606 0 $aPoveri$xAssistenza$yEuropa 676 $a362.58094 702 1$aSARACENO,$bChiara 801 0$aIT$bsalbc$gISBD 912 $a990002916190203316 951 $aII.5. 5898$b14829 E.C.$cII.5.$d00129757 959 $aBK 969 $aUMA 979 $aALESSANDRA$b90$c20070504$lUSA01$h0852 979 $aALESSANDRA$b90$c20070504$lUSA01$h0916 996 $aSocial assistance dynamics in Europe$955641 997 $aUNISA